000 00213 a2200097 4500
001 42363
100 _aMacadam I
245 _aThe Annual Register
260 _a
_bLongmans Green & Co.
_c
090 _c26298
_d26298
942 _aNUST-CAE
_cM
_c18111
999 _c277436
_d277436